| 000 | 00600cas a22001935a 4500 | ||
|---|---|---|---|
| 001 | L370 | ||
| 008 | 070711c1984 xxkqr p 0 a0eng | ||
| 035 | _a(Sirsi) u98992 | ||
| 041 | 0 | _aeng | |
| 110 | 2 |
_aBritish Council of Shopping Centres _91982 |
|
| 245 | 0 | 0 | _aShopping Centre Horizons |
| 260 |
_aReading _bBritish Council of Shopping Centres _c1984- |
||
| 362 | 0 | _a[1] Spring 1984-Summer 1994 | |
| 554 | _aFour per year | ||
| 651 | 4 |
_aUnited Kingdom _y |
|
| 690 | _aPROPERTY-COMMERCIAL PROPERTY-RETAIL PROPERTY-SHOPPING CENTRE, MALL AND ARCADE PROPERTY | ||
| 942 | _n0 | ||
| 948 | _c25/01/1995 | ||
| 999 |
_c118612 _d118612 |
||